|
|
|
|
| LEADER |
00949nam a2200253 a 4500 |
| 001 |
c000341313 |
| 003 |
CARM |
| 005 |
00000000000000.0 |
| 008 |
840620s1958 enk b 00010 eng d |
| 019 |
1 |
|
|a 3203776
|5 LACONCORD2021
|
| 035 |
|
|
|a (OCoLC)9240116
|5 LACONCORD2021
|
| 040 |
|
|
|a VDU
|c VDU
|
| 043 |
|
|
|a a-pk---
|
| 082 |
1 |
|
|a 330.95491
|2 19
|
| 100 |
1 |
|
|a Andrus, J. Russell
|q (James Russell),
|d 1902-
|
| 245 |
1 |
4 |
|a The economy of Pakistan /
|c J. Russell Andrus and Azizali F. Mohammed.
|
| 260 |
|
|
|a London :
|b Oxford University Press,
|c 1958.
|
| 300 |
|
|
|a xvii, 517 p. ;
|c 23 cm.
|
| 504 |
|
|
|a Includes bibliographical references.
|
| 651 |
|
0 |
|a Pakistan
|x Economic conditions.
|
| 700 |
1 |
|
|a Mohammed, Azizali F.
|
| 852 |
8 |
|
|b CARM
|h A1:AL06G0
|i B09902
|p 0455539
|f BK
|
| 999 |
f |
f |
|i 99f6d492-fe25-548c-bc90-395c1e56fe72
|s c84047c1-afed-5165-98dd-447813b6fc4a
|
| 952 |
f |
f |
|p Can circulate
|a CAVAL
|b CAVAL
|c CAVAL
|d CARM 1 Store
|e B09902
|f A1:AL06G0
|h Other scheme
|i book
|m 0455539
|